| 000 | 00467nam a22001575i 4500 | ||
|---|---|---|---|
| 001 | 163903 | ||
| 003 | ES-MaACL | ||
| 005 | 20230906212832.0 | ||
| 008 | 940301s1859 fr |||| | fre d | ||
| 040 |
_aCLM _bspa |
||
| 245 | 0 | 3 | _aLe Romancero du pays basque. |
| 260 |
_aParis : _bFirmin Didot frères, fils et Cie. ; Londres: Edimburgh: Williams & Norgate, _c1859. |
||
| 300 |
_a136 p. ; _c18 cm. |
||
| 597 | 1 | _aAntep. | |
| 852 |
_aES-MaACL _jG-11146 _z-- Enc. hol. |
||
| 999 |
_c163903 _d163903 |
||